| 000 | 00396nam a2200157Ia 4500 | ||
|---|---|---|---|
| 008 | 250527s9999 xx 000 0 und d | ||
| 020 | _a978-0070387676 | ||
| 082 | _a658.8342 LOU | ||
| 100 | _aLoudon, David L. | ||
| 245 | 0 | _aConsumer Behavior | |
| 250 | _a4th ed. | ||
| 260 |
_aNew York: _bMcGraw-Hill College, _c1993 |
||
| 300 | _axxiii, 788p. | ||
| 600 | _aManagement Science | ||
| 942 | _cGB | ||
| 999 |
_c31327 _d31327 |
||